Top 100 Channel 4 Shows (IMDB) - Statistics

General Stats
  • This quiz has been taken 40 times
    16 since last reset
  • The average score is 11 of 108
Answer Stats
Show Year(s) IMDB % Correct
Peep Show 2003-2015 8.7
78%
Black Books 2000-2004 8.5
67%
The Inbetweeners 2008-2010 8.4
56%
8 Out of 10 Cats 2005-2015 7.7
44%
Father Ted 1995-1998 8.7
44%
Spaced 1999-2001 8.5
44%
The IT Crowd 2006-2013 8.5
44%
8 Out of 10 Cats Does Countdown 2012-Present 8.2
33%
Derry Girls 2018-2022 8.5
33%
Skins 2007-2013 8.2
33%
The Great British Baking Show 2017-Present 8.6
33%
Travel Man: 48 Hours In... 2015-Present 8.2
33%
24 Hours in A&E 2011-Present 8.1
22%
Black Mirror 2011-2014 8.7
22%
Brass Eye 1997, 2001 8.6
22%
Catastrophe 2015-2019 8.2
22%
Grand Designs 1999-Present 8.5
22%
Green Wing 2004-2007 8.3
22%
Humans 2015-2018 7.9
22%
Jam 2000 8.4
22%
Man Down 2013-2017 7.6
22%
Misfits 2009-2013 8.2
22%
Queer as Folk 1999-2000 8.2
22%
Taskmaster 2020-Present 9.0
22%
Teachers 2001-2004 7.8
22%
Toast of London 2013-2015 8.2
22%
Crashing 2016 7.6
11%
Creature Comforts 1989 7.7
11%
Derek 2012-2014 8.1
11%
Desmond's 1989-1994 7.8
11%
Drop the Dead Donkey 1990-1998 8.0
11%
Fresh Meat 2011-2016 7.8
11%
It's a Sin 2021 8.7
11%
My Mad Fat Diary 2013-2015 8.4
11%
Phoenix Nights 2001-2002 8.6
11%
SAS: Who Dares Win 2015-Present 8.3
11%
Shameless 2004-2013 8.0
11%
Smack the Pony 1999-2003 7.7
11%
Stath Lets Flat 2018-Present 7.7
11%
The Comic Strip Presents... 1982-1988, 1998, 2000, 2005, 2011 7.8
11%
The Crystal Maze 1990-1995, 2017-2020 8.1
11%
The End of the F***ing World 2017-2019 8.0
11%
The Great Pottery Throwdown 2021-Present 8.6
11%
The Virtues 2019 8.2
11%
This Is England '86 2010 8.3
11%
This Is England '88 2011 8.3
11%
This Is England '90 2015 8.5
11%
Top Boy 2011-2013 8.4
11%
Utopia 2013-2014 8.4
11%
Whose Line Is It Anyway? 1988-1999 8.2
11%
24 Hours in Police Custody 2014-Present 8.4
0%
Any Human Heart 2010 7.8
0%
As If 2001-2004 8.1
0%
A Very British Coup 1988 8.2
0%
Beaver Falls 2011-2012 7.7
0%
Car S.O.S. 2013-Present 8.1
0%
Chewing Gum 2015-2017 7.7
0%
Cold Lazarus 1996 7.6
0%
Cucumber 2015 7.9
0%
Da Ali G Show 2000 8.0
0%
Dawkins: Sex, Death and the Meaning of Life 2012 8.1
0%
Dead Set 2008 7.6
0%
Derren Brown: Trick or Treat 2007-2008 8.5
0%
Elizabeth I 2005 7.9
0%
Escape to the Chateau 2016-2022 8.6
0%
Facejacker 2010-2012 7.7
0%
Flowers 2016-2018 8.1
0%
Fonejacker 2007-2008 7.7
0%
GameFace 2017-2019 7.7
0%
GamesMaster 1992-1998 7.8
0%
Garth Marenghi's Darkplace 2004 8.5
0%
G.B.H. 1991 8.6
0%
Globe Trekker 1994-2016 8.6
0%
Home 2019-2020 7.9
0%
Karaoke 1996 8.1
0%
Lipstick on Your Collar 1993 8.1
0%
Lovesick 2014 8.0
0%
Manor House 2002 8.4
0%
Man to Man with Dean Learner 2006 7.6
0%
Max & Paddy's Road to Nowhere 2004 7.6
0%
Messiah: The Harrowing 2005 7.6
0%
More Tales of the City 1998 7.9
0%
Nathan Barley 2005 8.0
0%
No Offence 2015-2018 8.0
0%
Pete versus Life 2010-2011 7.7
0%
PhoneShop 2010-2013 7.8
0%
Raised by Wolves 2013-2016 8.2
0%
Sex Traffic 2004 7.7
0%
Shackleton 2002 7.6
0%
Sirens 2011 8.0
0%
Sugar Rush 2005-2006 7.7
0%
Tales of the City 1993 8.3
0%
That Peter Kay Thing 2000 7.6
0%
The Adam and Joe Show 1996-2001 8.7
0%
The Armando Iannucci Shows 2001 8.3
0%
The Book Group 2002-2003 7.6
0%
The First World War 2003 8.6
0%
The Genius of Charles Darwin 2008 8.5
0%
The Mimic 2013-2014 7.6
0%
The Politician's Wife 1995 7.8
0%
The Promise 2011 8.4
0%
The Story of Film: An Odyssey 2011 8.4
0%
This Way Up 2019-Present 7.8
0%
Time Team 1994-2014 8.5
0%
Traffik 1989 8.4
0%
Trigger Happy TV 2000-2003, 2016-2017 7.9
0%
Ultraviolet 1998 7.9
0%
We Are Lady Parts 2021-Present 8.2
0%
No matching quizzes found
Score Distribution
Percent of People with Each Score
Percentile by Number Answered
Your Score History
You have not taken this quiz since the last reset